00260pab a2200097 454500008003600000100001600036245003300052362003200085650003400117773001100151180718b xxu||||| |||| 00| 0 eng d aKhosla G.S. aRailway budget : an analysis a38(7), 30 Apr 1994, p.18-20 aRailroads -- Finance -- India aYojana